| 000 | 00491nam a22001937a 4500 | ||
|---|---|---|---|
| 003 | MPLRDC | ||
| 005 | 20220104161609.0 | ||
| 008 | 210129b ||||| |||| 00| 0 eng d | ||
| 020 | _a983-43135-1-9 | ||
| 082 | _a857.621 HY-14 v.1 | ||
| 100 | _a黄易 | ||
| 245 |
_a云梦城之谜. 卷一 _c |
||
| 250 | _a一刷 | ||
| 260 |
_a香港 _b青城文化事业有限公司 _c2006 |
||
| 300 | _b平 | ||
| 490 | _a黄易玄幻系列 | ||
| 650 | _a玄幻小说 | ||
| 942 |
_cBK _o857.621 HY-14 v.1 |
||
| 999 |
_c55563 _d55553 |
||